| 000 | 00681nas a2200241 i 4500 | ||
|---|---|---|---|
| 001 | 1019 | ||
| 003 | ES-MaACL | ||
| 005 | 20250718150756.0 | ||
| 008 | 950801d18799999cu dr n 0 1b|spa d | ||
| 022 | _a2335-4925 | ||
| 080 | _a(054) | ||
| 245 | 0 | 3 |
_aLa Discusión: _bdiario político / dir., Adolfo Márquez Sterling. |
| 260 |
_aLa Habana : _b[La Discusión], _c1879- |
||
| 300 |
_a1 v. ; _c63 cm. |
||
| 310 | _aDiaria | ||
| 362 | 0 | _aAño I ( 1 feb. 1879)- | |
| 650 | 1 | 4 |
_aPeriódicos _915941 |
| 700 | 1 |
_aMárquez Sterling, Adolfo, _9226347 |
|
| 852 |
_aES-MaACL _jHEM-GF-10 _dOlim: Hem-557 |
||
| 866 | 0 | _o(1879). | |
| 942 |
_2udc _cPERIODICO |
||
| 999 |
_c1019 _d1019 |
||